000 00266nam a22001097a 4500
082 _a320/SIN
100 _aSingh, Arimardan
_979012
245 _aIndian Government and Politics
260 _aJaipur
_bRBSA Publishers
_c2019
650 _aPolitical science
942 _cBK
999 _c65605
_d65605